Sports Quiz

Random Sports or Letter Quiz

Big 4 Team per 3rd Letter Quiz Stats

 Plays Quiz Updated Jun 12, 2017

Challenge
Share
Tweet
Embed
Score 0/23 Timer 05:00
4 Plays Today
Letter Team % Correct
ABears, Giants, Heat, ...
98.1%
DDodgers, Indians, Red Wings, ...
91.3%
IKnicks, Raiders, White Sox, ...
90.2%
NYankees, Panthers, Rangers, ...
89.9%
CDucks, Packers, Rockies, ...
88.9%
LCeltics, Falcons, Islanders, ...
88.8%
GEagles, Angels, Magic, ...
87.7%
TJets, Mets, Patriots, ...
87.6%
RCardinals, Hurricanes, Warriors, ...
82.5%
UBlue Jays, Bruins, Spurs, ...
78.8%
VCavaliers, Devils, Ravens, ...
76.7%
BCubs, Sabres
75.4%
Letter Team % Correct
ZWizards, Jazz
73.9%
EBrewers, Steelers, Predators, ...
73.2%
YRays, Royals, Flyers, ...
73.2%
KLakers, Vikings
70.3%
OBroncos, Browns, Lions
67.2%
WCowboys, Hawks
63.9%
PCapitals, Maple Leafs, Raptors
57.7%
XTexans
56.3%
MRams, Timberwolves
55.7%
HAthletics
35.5%
SPistons
28.5%

You're not logged in!

Compare scores with friends on all Sporcle quizzes.
OR
Log In

You Might Also Like...

Show Comments

Extras

Top Quizzes Today


Score Distribution

Your Account Isn't Verified!

In order to create a playlist on Sporcle, you need to verify the email address you used during registration. Go to your Sporcle Settings to finish the process.

Report this User

Report this user for behavior that violates our Community Guidelines.

Details: